Catálogo
 En Linea

Aprendo matemáticas : (Registro nro. 56022)

Detalles MARC
000 -CABECERA
campo de control de longitud fija 01299nam a2200289 i 4500
003 - IDENTIFICADOR DEL NÚMERO DE CONTROL
campo de control DO-SdBNP
005 - FECHA Y HORA DE LA ÚLTIMA TRANSACCIÓN
campo de control 20240304085053.0
007 - CAMPO FIJO DE DESCRIPCIÓN FÍSICA--INFORMACIÓN GENERAL
campo de control de longitud fija ta
008 - DATOS DE LONGITUD FIJA--INFORMACIÓN GENERAL
campo de control de longitud fija 240304s2004 dr ad 000 0 spa d
020 ## - NÚMERO INTERNACIONAL ESTÁNDAR DEL LIBRO
Número Internacional Estándar del Libro 8482615726
040 ## - FUENTE DE LA CATALOGACIÓN
Centro catalogador/agencia de origen DO-SdBNP
Lengua de catalogación spa
Centro/agencia transcriptor BNPHU
Normas de descripción rda
082 ## - NÚMERO DE LA CLASIFICACIÓN DECIMAL DEWEY
Número de edición 22
Número de documento/Ítem M722
100 ## - ENTRADA PRINCIPAL--NOMBRE DE PERSONA
Nombre de persona Molina, Cristina
9 (RLIN) 37120
245 10 - MENCIÓN DE TÍTULO
Título Aprendo matemáticas :
Resto del título para niños y niñas de 4 años /
Mención de responsabilidad, etc. Cristina Molina ; ilustraciones Ruddy Núñez
260 ## - PUBLICACIÓN, DISTRIBUCIÓN, ETC.
Fecha de publicación, distribución, etc. .
264 #1 - PRODUCCIÓN, PUBLICACIÓN, DISTRIBUCIÓN, FABRICACIÓN Y COPYRIGHT
Producción, publicación, distribución, fabricación y copyright Santo Domingo :
Nombre del de productor, editor, distribuidor, fabricante Santillana,
Fecha de producción, publicación, distribución, fabricación o copyright 2004.
300 ## - DESCRIPCIÓN FÍSICA
Extensión 71 páginas
Otras características físicas ilustraciones
Dimensiones 27 cm.
336 ## - TIPO DE CONTENIDO
Fuente rdacontet
Término de tipo de contenido texto
Código de tipo de contenido txt
337 ## - TIPO DE MEDIO
Fuente rdamedia
Nombre/término del tipo de medio sin mediación
Código del tipo de medio n
338 ## - TIPO DE SOPORTE
Fuente rdacarrier
Nombre/término del tipo de soporte volumen
Código del tipo de soporte nc
500 ## - NOTA GENERAL
Nota general 4 años
505 0# - NOTA DE CONTENIDO CON FORMATO
Nota de contenido con formato v. 1
Información miscelánea unidad 1 --
Título Introducción a la lógica --
Información miscelánea unidad 2 --
Título Lenguaje conjuntista y codificación --
Información miscelánea unidad 3 --
Título Estadística --
Información miscelánea unidad 4 --
Título Introducción al álgebra --
Información miscelánea unidad 5 --
Título Descomposición factorial --
Información miscelánea unidad 6 --
Título Ecuaciones de primer grado --
Información miscelánea unidad 7 --
Título Desigualdades, inecuación y valor absoluto --
Información miscelánea unidad 8 --
Título Introducción a la geometría --
Información miscelánea unidad 9 --
Título Los números complejos --
Información miscelánea unidad 10 --
Título Probabilidades --
590 ## - NOTA LOCAL (RLIN)
Nota local Inventariado, 2024/ YL
700 1# - PUNTO DE ACCESO ADICIONAL--NOMBRE DE PERSONA
Nombre de persona Núñez, Ruddy
Término indicativo de función/relación ilustraciones
9 (RLIN) 1263
910 ## - DATOS DE OPCIÓN DEL USUARIO (OCLC)
Datos de opción del usuario YLockward
942 ## - ELEMENTOS DE PUNTO DE ACCESO ADICIONAL (KOHA)
Fuente del sistema de clasificación o colocación Dewey Decimal Classification
Tipo de ítem Koha Libro
Existencias
Estado de retiro Estado de pérdida Fuente del sistema de clasificación o colocación Restricciones de uso No para préstamo Código de colección Localización permanente Ubicación/localización actual Ubicación en estantería Fecha de adquisición Fuente de adquisición Total de préstamos Signatura topográfica completa Código de barras Fecha visto por última vez Precio válido a partir de Tipo de ítem Koha
    Dewey Decimal Classification Excluido de préstamo   Infantojuvenil Patrimonio Dominicano Biblioteca Nacional Pedro Henríquez Ureña Biblioteca Nacional Pedro Henríquez Ureña En catalogación 15.08.2023 Donado por Isabel Medina   BNPHU CIJ-PD M722 2024-1233 04.03.2024 04.03.2024 Libro

Con tecnología Koha